| 000 | 01771nab a2200241 i 4500 | ||
|---|---|---|---|
| 001 | 768714001 | ||
| 003 | CO-MdFUSB | ||
| 005 | 20230607124054.0 | ||
| 008 | 220916s2014 -us||||| |||| 00| 0 eng d | ||
| 022 | _a16698649 | ||
| 040 |
_bspa _cCO-MdFUSB _dCO-MdFUSB _aCO-MdFUSB |
||
| 041 | _aeng | ||
| 100 |
_aVargas, Marcelo, _eautor |
||
| 245 | 1 |
_aBolivian Aymara neo-pentecostal identity _b: historical background and case study analysis of the power of God church _c/ Marcelo Vargas |
|
| 300 |
_aVolumen 9, número 1 (2014), páginas 9 - 72 _c; 20 cm |
||
| 520 | _aEn este artículo Marcelo Vargas, secretario general de FTL analiza la iglesia Ministerio del Nuevo Pacto Poder de Dios en La Paz, Bolivia. De varias maneras esta iglesia es una de las típicas congregaciones neo-pentecostales en América Latina, con un liderazgo fuertemente centralizado, enfocado en una figura carismática, y énfasis en la prosperidad material. Pero difiere de otros grupos pentecostales en formas significativas: (1) su membrecía es predominantemente indígena (aimara), y (2) sus miembros pertenecen más a sectores económicos bajos que a la clase media. Las conclusiones de Vargas acerca de la presencia de la cultura aimara en medio de la iglesia –una forma de sincretismo positivo- recuperan y valoran la identidad cultural y la historia de los creyentes aimaras, a la vez que critican los excesos de ciertos énfasis neo pentecostales. | ||
| 546 | _aTexto en Inglés | ||
| 650 | 0 |
_9142 _aPentecostalismo |
|
| 653 | _aEclesiología | ||
| 653 | _aNeopentecostalismo -- Bolivia. | ||
| 773 | 0 |
_049416 _981282 _d Santiago de Chile _oR1730 _tJournal of Latin American Theology : _w(CO-MdFUSB)118 _x1669-8949 _gVolumen 9, número 1 (2014), páginas 9 - 72 _qpágina 9 |
|
| 942 | _cANA | ||
| 999 |
_c68172 _d68172 |
||